|
|
|
|
| LEADER |
01769nam a2200433Ia 4500 |
| 001 |
EBC294430 |
| 003 |
MiAaPQ |
| 005 |
20200520144314.0 |
| 006 |
m o d | |
| 007 |
cr cn||||||||| |
| 008 |
070226s2007 ne ab sb 001 0 eng d |
| 010 |
|
|
|z 2007007430
|
| 020 |
|
|
|z 9780123706089 ((hardcover))
|
| 020 |
|
|
|z 0123706084 ((hardcover))
|
| 035 |
|
|
|a (MiAaPQ)EBC294430
|
| 035 |
|
|
|a (Au-PeEL)EBL294430
|
| 035 |
|
|
|a (CaPaEBR)ebr10185942
|
| 035 |
|
|
|a (CaONFJC)MIL105061
|
| 035 |
|
|
|a (OCoLC)437181551
|
| 040 |
|
|
|a MiAaPQ
|c MiAaPQ
|d MiAaPQ
|
| 050 |
|
4 |
|a HF5415.15
|b .U74 2007
|
| 245 |
0 |
0 |
|a User-centered design stories
|h [electronic resource] :
|b real-world UCD case files /
|c edited by Carol Righi and Janice James.
|
| 246 |
3 |
|
|a Real-world UCD case studies
|
| 260 |
|
|
|a Amsterdam ;
|a Boston :
|b Elsevier/Morgan Kaufman,
|c c2007.
|
| 300 |
|
|
|a xxi, 535 p. :
|b ill., maps.
|
| 490 |
1 |
|
|a The Morgan Kaufmann series in interactive technologies
|
| 504 |
|
|
|a Includes bibliographical references and index.
|
| 533 |
|
|
|a Electronic reproduction. Ann Arbor, MI : ProQuest, 2015. Available via World Wide Web. Access may be limited to ProQuest affiliated libraries.
|
| 650 |
|
0 |
|a New products
|x Management
|v Case studies.
|
| 650 |
|
0 |
|a Customer relations
|v Case studies.
|
| 650 |
|
0 |
|a User interfaces (Computer systems)
|v Case studies.
|
| 650 |
|
0 |
|a Reengineering (Management)
|v Case studies.
|
| 650 |
|
0 |
|a Management information systems
|v Case studies.
|
| 655 |
|
4 |
|a Electronic books.
|
| 700 |
1 |
|
|a Righi, Carol.
|
| 700 |
1 |
|
|a James, Janice
|q (Janice Sue)
|
| 710 |
2 |
|
|a ProQuest (Firm)
|
| 830 |
|
0 |
|a Morgan Kaufmann series in interactive technologies.
|
| 856 |
4 |
0 |
|u https://ebookcentral.proquest.com/lib/matrademy/detail.action?docID=294430
|z Click to View
|